00869nam a2200217Ia 4500008004100000020001500041040001800056041000800074100003000082245015900112260006600271300005400337500004900391504002800440650003300468650002600501650002800527650003400555700003800589765002400627130821s2000 ck a gr spa  a958045826X aCo-BoUCMbspa00aspa10aMarkides, Constantinos C.13aEn la estrategia está el éxito guía para formular estrategias revolucionariascConstantinos C. Markides ; traducción de Jorge Cárdenas Nannetti aBogotá (Colombia)bHarvard Business Shool Press Normac2000 a255 páginasbilustraciones, cuadros, gráficas aEjemplar 2 Donación Dr. Guillermo Galán. aIncluye bibliografía.04aAdministración de empresas04aCambio organizacional04aÉxito en los negocios04aPlanificación estratégica1 aCárdenas Nannetti, Jorged1906- tAll the right moves